Potreba zvýšenia konkurencieschopnosti malých a stredných podnikov
Postavenie malých a stredných podnikov v Európskej únii. Program pre konkurencieschopnosť a inováciu. Zvyšovanie konkurencieschopnosti slovenských malých a stredných podnikov ako nevyhnutný predpoklad uplatnenia sa na trhu EÚ.
Salvato in:
| Autore principale: | |
|---|---|
| Natura: | Capitolo di libro |
| Lingua: | slovacco |
| Soggetti: | |
| Tags: |
Nessun Tag, puoi essere il primo ad aggiungerne!!
|
MARC
| LEADER | 00000naa$a2200000$$$4500 | ||
|---|---|---|---|
| 001 | 0050722 | ||
| 005 | 20240502083133.3 | ||
| 041 | 0 | |a slo | |
| 044 | |a CZ | ||
| 245 | 1 | 0 | |a Potreba zvýšenia konkurencieschopnosti malých a stredných podnikov |c Michaela Strižencová |
| 520 | |a Postavenie malých a stredných podnikov v Európskej únii. Program pre konkurencieschopnosť a inováciu. Zvyšovanie konkurencieschopnosti slovenských malých a stredných podnikov ako nevyhnutný predpoklad uplatnenia sa na trhu EÚ. | ||
| 610 | 2 | 0 | |a podnik malý |
| 610 | 2 | 0 | |a podnik stredný |
| 610 | 2 | 0 | |a podnikanie |
| 610 | 2 | 0 | |a trh |
| 610 | 2 | 0 | |a inovácia |
| 610 | 2 | 0 | |a financie |
| 610 | 2 | 0 | |a kvalita |
| 610 | 2 | 0 | |a kooperácia |
| 610 | 2 | 0 | |a spoločnosť vedomostná |
| 610 | 2 | 0 | |a Slovensko |
| 610 | 2 | 0 | |a Európska únia |
| 100 | 1 | |a Strižencová, Michaela | |